000 01733cam a2200289 4500500
005 20260111150027.0
041 _afre
042 _adc
100 1 0 _aPinton, Solange
_eauthor
245 0 0 _aLes humeurs du temps
260 _c2009.
500 _a79
520 _aRésuméAdolphe M. tient un journal depuis quarante ans et rend compte chaque jour, en premier lieu, du temps qu’il a fait les dernières vingt-quatre heures. Le calendrier qu’il esquisse enserre et structure le journal et son compte rendu du temps conjugue termes de la science météorologique et vocabulaire personnel, avec un souci constant de témoigner d’un temps local dont il saisit, avec une extrême précision, les manifestations (le froid, le chaud, l’humide) dans son espace de travail.
520 _aThe moods of the weatherFor 40 years, Adolphe M. has kept a diary, in which every daily entry starts with an account of what the weather was like over the past 24 hours. His record of the passage of time is shaped and structured by the calendar. He combines a personal vocabulary with scientific meteorological terms in an unceasing effort to capture extremely accurately all the fine variations of the weather (cold, heat and damp), on the farm, in three different hamlets.
690 _acalendrier
690 _apaysan
690 _atempérature
690 _atradition
690 _avie quotidienne
690 _acalendar
690 _adaily life
690 _apeasant
690 _atemperature
690 _atradition
786 0 _nEthnologie française | 39 | 4 | 2009-10-06 | p. 587-596 | 0046-2616
856 4 1 _uhttps://shs.cairn.info/revue-ethnologie-francaise-2009-4-page-587?lang=fr&redirect-ssocas=7080
999 _c1636919
_d1636919